Biology of Oidium heveae, the powdery mildew fungus of Hevea brasiliensis (Record no. 54792)

MARC details
000 -LEADER
fixed length control field 00634nam a2200205Ia 4500
100 ## - MAIN ENTRY--AUTHOR NAME
Personal name De S Liyanage A
245 #0 - TITLE STATEMENT
Title Biology of Oidium heveae, the powdery mildew fungus of Hevea brasiliensis
260 ## - PUBLICATION, DISTRIBUTION, ETC. (IMPRINT)
Name of publisher Proceedings of the International Rubber Conference, Kuala Lumpur, Malaysia, V.3. 1985; p291-313
650 ## - SUBJECT ADDED ENTRY--TOPICAL TERM
Topical Term Disease control
650 ## - SUBJECT ADDED ENTRY--TOPICAL TERM
Topical Term Oidium heveae
650 ## - SUBJECT ADDED ENTRY--TOPICAL TERM
Topical Term Powdery mildew
700 ## - ADDED ENTRY--PERSONAL NAME
Personal name Dharmaratne A
700 ## - ADDED ENTRY--PERSONAL NAME
Personal name Fernando B
700 ## - ADDED ENTRY--PERSONAL NAME
Personal name Irugalbandara Z E
700 ## - ADDED ENTRY--PERSONAL NAME
Personal name Peries O S
700 ## - ADDED ENTRY--PERSONAL NAME
Personal name Wettasinghe P
700 ## - ADDED ENTRY--PERSONAL NAME
Personal name Wettasinghe P C
942 ## - ADDED ENTRY ELEMENTS (KOHA)
Koha item type Journals
Holdings
Withdrawn status Lost status Damaged status Not for loan Home library Current library Shelving location Date acquired Koha item type
      Journals RRII Library RRII Library Pathology 17/12/2021 Journals